¿Qué país Europeo es más Grande? - Opción Múltiple - Estadísticas

Estadísticas generales
  • Esta prueba ha sido intentada 510 veces
  • La puntuación promedio es 10 de 15
Estadísticas de respuestas
Pregunta Respuesta % Correcto
¿Qué país es más grande por superficie?
94%
¿Qué país es más grande por superficie?
92%
¿Qué país es más grande por superficie?
89%
¿Qué país es más grande por superficie?
87%
¿Qué país es más grande por superficie?
77%
¿Qué país es más grande por superficie?
73%
¿Qué país es más grande por superficie?
71%
¿Qué país es más grande por superficie?
67%
¿Qué país es más grande por superficie?
63%
¿Qué país es más grande por superficie?
59%
¿Qué país es más grande por superficie?
49%
¿Qué país es más grande por superficie?
45%
¿Qué país es más grande por superficie?
44%
¿Qué país es más grande por superficie?
40%
¿Qué país es más grande por superficie?
38%
No se encontraron pruebas coincidentes
Distribución de puntuación
Porcentaje de gente con cada puntuación
Porcentaje por número respondido
Historial de tus puntuaciones
No has intentado esta prueba.